| 000 | 00458nam a22001697a 4500 | ||
|---|---|---|---|
| 999 |
_c504361 _d504361 |
||
| 020 | _a9780199655007 | ||
| 082 | _aT33 B623 | ||
| 100 |
_aBlowfield, Michael _9324 |
||
| 245 |
_aCorporate responsibility _cedited by Michael blowfield |
||
| 250 | _a2nd ed. | ||
| 260 |
_aNew Delhi _bOxford _c2018 |
||
| 300 | _a230p. | ||
| 600 |
_aCorporate Social Responsibility _9325 |
||
| 650 |
_aManagement _9326 |
||
| 650 |
_aCorporate _9327 |
||
| 700 |
_aMurray, Alan _9328 |
||